| Поле | Название | Значение |
| |
Тип записи |
a |
| |
Библиографический уровень |
m |
| 001 |
Контрольный номер |
RU\NLR\BIBL_A\011683432 |
| 005 |
Дата корректировки |
20201206205153.0 |
| 010 |
Индекс ISBN |
__ |
| a |
ISBN |
978-5-4448-0762-0 (в пер.) |
| d |
Цена |
464-41, 1000 экз. |
| 021 |
№ государственной регистрации |
__ |
| b |
№ документа |
2018-19997 |
| 100 |
Данные общей обработки |
__ |
| a |
Данные общей обработки |
19180417d2018 |||y0rusy0189 ca |
| 101 |
Язык документа |
0_ |
| a |
Язык текста |
rus |
| 102 |
Страна публикации |
__ |
| a |
Страна публикации |
RU |
| 102 |
Страна публикации |
__ |
| a |
Страна публикации |
RU |
| 105 |
Кодированные данные (монография) |
__ |
| a |
Кодированные данные (монография) |
a|||||||000zy |
| 200 |
Заглавие и сведения об ответственности |
1_ |
| a |
Заглавие |
Правила философа Якова |
| e |
Сведения, относящиеся к заглавию |
[истории] |
| f |
Первые сведения об ответственности |
Павел Гельман ; рисунки Константина Батынкова |
| b |
Общее обозначение материала |
Текст |
| 210 |
Выходные данные |
__ |
| a |
Место издания |
Москва |
| c |
Издательство |
Новое литературное обозрение |
| d |
Дата издания |
2018 |
| 215 |
Физическое описание |
__ |
| a |
Объем |
217, [4] с. |
| c |
Иллюстрации/тип воспроизводства |
ил. |
| d |
Формат |
19 см |
| 330 |
Аннотация |
__ |
| a |
Аннотация |
Драматург Павел Гельман придумал для своего фейсбука забавного персонажа - философа Якова. Яков - маргинальный мудрец, который постоянно попадает в смешные и дурацкие ситуации. Он мудр, но не идеален - тщеславен, завистлив и вечно ищет, где заработать. Яков популярен у читателей фейсбука, некоторые признаются, что он стал как бы членом их семьи, и каждый день они ждут новую историю про него. В нашей жизни больше нет моральных авторитетов. Но нам по-прежнему хочется, чтобы они были. В этой смутной зоне "нельзя, но хочется" и живет мудрый философ Яков. Истории про него могут напомнить читателю хасидские или дзенские притчи, и даже миниатюры Хармса. |
| 333 |
Примечание о целевом назначении |
__ |
| a |
Примечание о целевом назначении |
16+. Для детей старше 16 лет |
| 606 |
Тематические рубрики |
__ |
| a |
Основная рубрика |
Художественная литература |
| 606 |
Тематические рубрики |
__ |
| a |
Основная рубрика |
Современная русская литература (произведения) |
| 610 |
Ключевые слова |
__ |
| a |
Ключевые слова |
сетевая литература |
| 610 |
Ключевые слова |
__ |
| a |
Ключевые слова |
современная литература |
| 610 |
Ключевые слова |
__ |
| a |
Ключевые слова |
проза |
| 610 |
Ключевые слова |
__ |
| a |
Ключевые слова |
философская проза |
| 610 |
Ключевые слова |
__ |
| a |
Ключевые слова |
юмористическая проза |
| 610 |
Ключевые слова |
__ |
| a |
Ключевые слова |
тема мудрости |
| 610 |
Ключевые слова |
__ |
| a |
Ключевые слова |
тема философов |
| 610 |
Ключевые слова |
__ |
| a |
Ключевые слова |
тема философии |
| 610 |
Ключевые слова |
__ |
| a |
Ключевые слова |
тема юмора |
| 686 |
Индексы других классификаций |
__ |
| 2 |
Код системы |
rubbks |
| a |
Классификационный индекс |
84(2=411.2)6-4; ст84(2Рос=Рус)6-4 |
| 700 |
Автор |
_1 |
| a |
Фамилия |
Гельман |
| b |
Имя |
П. А. |
| f |
Даты |
1967- |
| g |
Полное личное имя |
Павел Александрович |
| 4 |
Код отношения |
070 |
| 702 |
Вторичная интеллектуальная ответственность |
_1 |
| a |
Фамилия |
Батынков |
| b |
Имя |
К. А. |
| 4 |
Код отношения |
Художник |
| f |
Даты |
1959- |
| g |
Полное личное имя |
Константин Александрович |
| 4 |
Код отношения |
040 |
| 801 |
Источник записи |
_0 |
| a |
Страна |
RU |
| b |
Организация |
NLR |
| c |
Дата составления |
20180417 |
| g |
Правила каталогизации |
PSBO |
| 801 |
Источник записи |
_2 |
| a |
Страна |
RU |
| b |
Организация |
Муниципальное бюджетное учреждение культуры "Централизованная библиотечная система" г. Сургут (Центральная городская библиотека им. А. С. Пушкина) |
| c |
Дата составления |
20180417 |
| 852 |
Данные о местонахождении |
__ |
| j |
Шифр хранения |
84(2=411.2)6-4 |
| i |
Авторский знак |
Г 32 |
| 901 |
Тип документа |
__ |
| a |
Ответственный |
КиК/Лукашук |
| t |
Тип документа |
m |
| 903 |
Характеристики (МАРС) |
__ |
| a |
Дата передачи |
20181227 |
| 990 |
Данные о заказе (DOS) |
__ |
| j |
Количество экземпляров (DOS) |
5 |
| t |
N записи в КСУ для И/У (DOS) |
201901 |